000 01132cam a2200289 i 4500
003 SA-RiAUC
005 20241124142945.0
008 241123s1986 le g 000 0 ara c
040 _aSA-MuMU
_bara
_cSA-RiAUC
_erda
050 4 _bJ83 1986
082 0 4 _a253.72
_qSA-RiAUC
090 _a253.72
_bج ب و
100 1 _aالجبوري، أبو اليقظان عطية
_eمؤلف.
245 1 2 _aاليمين والآثار المترتبة عليه /
_cتأليف أبي اليقظان عطية الجبوري.
250 _aالطبعة الثانية.
264 1 _aبيروت :
_bدار الندوة الجديدة،
_c1986
300 _a205 صفحة ؛
_c24 سم
336 _aنص
_btxt
_2rdacontent
_3كتاب
337 _aبدون وسيط
_bn
_2rdamedia
338 _aمجلد
_bnc
_2rdacarrier
504 _aيشتمل على إرجاعات ببليوجرافية.
650 7 _aكفارة اليمين
_2aucsh
650 7 _aالحلف بغير الله تعالي
_2aucsh
650 7 _aاليمين (فقه إسلامي).
_2aucsh
942 _2ddc
_cBOOK
_n0
949 _aSA-JeALM
_d241123
_umohamedma123
_n1
999 _c2725
_d2725